Yhdistä Viivin kappaleet - Statistics

Yleistilastot
  • Tätä visaa on pelattu 58 kertaa
  • Keskiarvotulos 7 / 19
Vastaustilastot
Hint Vastaus % Oikein
Mitä näil korteil saa?
Ku tiimit jaettiin
Mut vikan valittiin
75%
USA Hei, mitä kuuluu, muistatko mut?
Mä oon se tyyppi, joka särki sut
72%
Lääke
Ei ollu reiluu
Se mitä teit mulle
En enää tunne sua
58%
Ihana kipu Sä oot niin nätti et sä pilaat kaikki muut
Täältä kun lähdit on tilallasi sun
56%
Lupaa et sä lähet Jos tää ois rakkauslaulu, mä pyytäisin et sä jäät
44%
Lauseet on vaan lauseita Mä en saa kunnolla henkeä
Sun katse on taas niin lempeä
44%
Aina Kuinka voisin sua kiittää
Lauseet ei siihen tuu riittää
Sun pelkkä katse rauhoittaa
Sä toit auringon ku nauroit vaan
42%
Kävi mitä kävi sul on mut Mä pelkään, että sussa sammuu kipinä
Ja alat uskoa, ettet lentää ikinä vois
39%
Ilman sua Mua pelottaa, rehellisesti kun sä sekotat
Mun sydämen ja yhtäkkii ollaan
Sylikkäin joka yö ja paljon enemmän
33%
Hyväuskoinen Onhan se sääli, et tää meni näin
Kai mä sit väärin päätin, kun jäin
33%
Viel yhen kerran Taas seinille maalataan uutta ongelmaa
Vaikka vielä eilisen arpia kiinni ommellaan
33%
Onnellinen En oo kertonu sulle miks nykyään oon töis niin myöhään
Koton oottaa vaan tunne, etten tunne sua kohtaan enää
31%
Ehdottomasti Aamulla olit jättäny kirjeen mun tyynyn viereen
Tääkin juttu kai sit lopulta meni pieleen
25%
Kultapieni Mä en tajuu mitä tapahtuu
Tunnen vaan kipuu voitko ottaa multa pois sen
19%
Ystäviä Mä herään siihen et sul on synttärit ja
Mä en tiiä et sanonko onnee vai sanonko mitään
19%
Sä päätit tän Mä voisin polttaa sun vaatteesi
Tai sorkkaraudalla paskoo sun auton
Naistenhuoneella joku oli tehny niin
19%
Parisuhdehautausmaa Miten muka voisin suhun luottaa
Kun en luota ees itteeni
17%
Ainoa miinus Sanot aina kuinka kaunis oon
Rauhoitat mua, kun mä oon rauhaton
14%
Viimeistä kertaa Tiiän, että sun on vaikee puhuu
Mut voisit sä koittaa ees
Tai kääntäisitkö edes katseen muhun
6%
Ehtoja vastaavia visoja ei löytynyt
Tulosjakauma
Jokaisen tuloksen saaneiden osuus
Persentiili vastausten määrän mukaan
Tuloshistoriasi
Et ole pelannut tätä visaa